Statistics for Assassin's Creed Playable Protagonists

Click here to take the quiz!

General Stats

  • This quiz has been taken 445 times
    (431 since last reset)
  • The average score is 13 of 17

Answer Stats

HintAnswer% Correct
Assassin's Creed IIEzio
100%
Assassin's Creed BrotherhoodEzio
100%
Assassin's Creed RevelationsEzio
100%
Assassin's CreedAltair
97%
Assassin's Creed IV Black FlagEdward
96%
Assassin's Creed IIIConnor
94%
Assassin's Creed SyndicateJacob
85%
Assassin's Creed UnityArno
84%
Assassin's Creed SyndicateEvie
83%
Assassin's Creed IIIHaytham
80%
Assassin's Creed RogueShay
80%
Assassin's Creed to Assassin's Creed IIIDesmond
75%
Assassins Creed IV Black Flag: Freedom CryAdewale
66%
Assassin's Creed LiberationAveline
56%
Assassin's Creed Syndicate (World War I Simulation)Lydia
33%
Assassin's Creed Chronicles ChinaShao Jun
32%
Assassin's Creed IV Black Flag and Assassin's Creed RogueUnnamed Researcher
2%

Score Distribution

Percentile by Number Answered

Percent of People with Each Score

Your Score History

You have not taken this quiz since the last reset